000 00613nam a2200205 i 4500
001 106177
003 ES-MaACL
007 t|
008 061005s1954 ag ||||1| spa d
080 _a821.134.2-31"19"
100 1 _aBenítez de Castro, Cecilio.
_927625
245 1 3 _aLa iluminada /
_cCecilio Benítez de Castro.
260 _aBuenos Aires :
_bLosada,
_c[1958]
300 _a335 p. ;
_c21 cm.
490 1 _aNovelistas de España y América
500 _aBiblioteca Juan Andrade.
830 0 _aNovelistas de España y América
_9185060
852 _aES-MaACL
_jAND-364
_bR.109668
999 _c106177
_d106177